| 000 | 04924nam a2200337 a 4500 | ||
|---|---|---|---|
| 003 | OSt | ||
| 005 | 20250815125834.0 | ||
| 007 | cr ||||||a|a|a | ||
| 008 | 250807s2025 mx a|||fom||| 001 0 spa d | ||
| 040 | _erda | ||
| 100 | 1 |
_aReyes Solórzano, Juan Antonio _9190830 |
|
| 245 | 1 | 0 |
_aUso de Bacillus megaterium como bacteria promotora de crecimiento vegetal en Zinnia elegans/ _cpor Juan Antonio Reyes Solórzano; director de tesis María de los Ángeles Rodríguez Elizalde; secretario Alejandro Alarcón; vocal Ma. Teresa Colinas León; suplente José Merced Mejía Muñoz; suplente Samuel Sánchez Domínguez |
| 264 | 1 |
_aChapingo, México : _bEl autor, _c2024. |
|
| 300 |
_a1 recurso en línea (98 páginas): _bcuadros, figuras. |
||
| 336 |
_2rdacontent _atexto _btxt |
||
| 337 |
_2rdamedia _acomputadora _bc |
||
| 338 |
_2rdacarrier _arecurso en línea _bcr |
||
| 502 |
_bIAEF _cFitotecnia _d2024. _gLIC |
||
| 504 | _aIncluye referencias bibliográficas: páginas 74-88. ++. | ||
| 520 | _aEn el mundo actual, la agricultura enfrenta varios desafíos para mantener e incrementar los rendimientos en los diferentes cultivos para satisfacer las demandas; sin embargo, esto ha incrementado las dosis de fertilizantes sintéticos utilizados con lo cual no solo se elevan los costos de producción, sino que también se causan daños de contaminación al suelo y mantos freáticos. Por ello, se han orientado nuevas investigaciones hacia el desarrollo de biotecnologías que permitan optimizar el uso de los fertilizantes sintéticos, manteniendo e incrementando rendimientos sin aumentar costos de producción ni causar daños al ambiente. Esto ha provocado que exista un interés creciente por las Rizobacterias Promotoras del Crecimiento Vegetal (RPCV) las cuales hacen referencia a aquellas bacterias que habitan la rizosfera y que benefician el crecimiento y desarrollo de las plantas mediante diferentes mecanismos. Así, en múltiples investigaciones realizadas, se ha demostrado el potencial de las bacterias del género Bacillus como RPCV. Este trabajo evaluó el desarrollo vegetal y producción de Zinnia elegans jack. En presencia de Bacillus megaterium y diferentes dosis de fertilización a dosis de 250 g para el tratamiento 100% (T5), 187.5 g para el tratamiento 75% (T4), 125 g para el tratamiento 50% (T3), 62.5 g para el tratamiento 25% (T2) y 0 g para el tratamiento 0% (T1). Se realizó un experimento en el invernadero de Flores de corte de la Academia de Floricultura del Departamento de Fitotecnia de la Universidad Autónoma Chapingo en el municipio de Texcoco, Estado de México. Se estableció un diseño factorial de 2 X 5 con 10 unidades experimentales y 15 repeticiones en cada tratamiento. Se utilizaron macetas plásticas negras de 6 pulgadas y para el sustrato se utilizó peat moss y perlita en proporción 2:1, respectivamente. Durante el desarrollo del experimento se aplicaron tres fertilizaciones las cuales fueron aplicadas a los 24, 28 y 33 dds (días después de siembra). Se realizaron dos tomas de datos, en la etapa vegetativa a los 35 dds y posteriormente a los 67 dds en etapa reproductiva. Las variables evaluadas fueron: altura, número de ramificaciones, amplitud de la planta, número de hojas, número de botones florales, contenido de clorofila en hojas, emisión de fluorescencia de la clorofila a del fotosistema II en las hojas, peso fresco de la parte aérea de la planta, peso fresco de raíz, volumen de raíz (en fresco), peso seco de la parte aérea de la planta y peso seco de raíz. El análisis estadístico de los datos obtenidos se ejecutó con ayuda de Excel, en donde se realizó un análisis de varianza (Anova) de dos factores y la prueba de comparación de medias de Tukey. De manera general y viendo la aplicación práctica a unidades de producción en campo de las condiciones que se manipularon en el experimento (inoculación con B. megaterium y los niveles de fertilización), se concluye que el mejor tratamiento fue el T3, notándose que con el 50% de fertilización la bacteria tiene mejores resultados comparado con la aplicación del 100% de fertilización lo cual incrementa, además, los costos de producción. | ||
| 650 | 4 |
_aBacillus megaterium como fertilizante _9191042 |
|
| 650 | 4 |
_aZinnia elegans _xCrecimiento _9191043 |
|
| 650 | 4 |
_aZinnia elegans _xRendimiento _9191044 |
|
| 700 | 1 |
_aRodríguez Elizalde, María de los Angeles _998460 _edirector. |
|
| 700 | 1 |
_aAlarcón, Alejandro _93379 _4secretario. |
|
| 700 | 1 |
_aColinas León, Ma. Teresa _9148683 _4vocal. |
|
| 700 | 1 |
_aMejía Muñoz, José Merced _974277 _4suplente. |
|
| 700 | 1 |
_aSánchez Domínguez, Samuel _9158308 _4suplente. |
|
| 856 |
_uhttp://10.13.5.2/tesis/tl/1412111-2_REYES_SOLORZANO_JUANANTONIO.pdf _zDESCARGAR PDF |
||
| 942 |
_2Clasificación Universidad Autónoma Chapingo _cTD |
||
| 999 |
_c220783 _d220783 |
||